000
00356nam a2200133Ia 4500
008
100328s9999 xx 000 0 und d
082
_b
35759
100
_a
हिर्लेकर गणेश
245
_a
हत्यारा
260
_b
त्रिदल
630
_a
हत्यारा
730
_a
हत्यारा
942
_c
BOOK
999
_c
525586
_d
525583